Medien-Theologie: das Werk Vilém Flussers
| Main Author: | |
|---|---|
| Format: | Print Book |
| Language: | German |
| Subito Delivery Service: | Order now. |
| Check availability: | HBZ Gateway |
| WorldCat: | WorldCat |
| Interlibrary Loan: | Interlibrary Loan for the Fachinformationsdienste (Specialized Information Services in Germany) |
| Published: |
Köln Weimar Wien
Böhlau
1998
|
| In: |
Literatur, Kultur, Geschlecht / Kleine Reihe (11)
Year: 1998 |
| Series/Journal: | Literatur, Kultur, Geschlecht / Kleine Reihe
11 |
| Standardized Subjects / Keyword chains: | B
Flusser, Vilém 1920-1991
|
| Further subjects: | B
Flusser, Vilém 1920-
B Bibliography |
| Online Access: |
Table of Contents |
MARC
| LEADER | 00000cam a2200000 c 4500 | ||
|---|---|---|---|
| 001 | 239203658 | ||
| 003 | DE-627 | ||
| 005 | 20251222210424.0 | ||
| 007 | tu | ||
| 008 | 980127s1998 gw ||||| b 00| ||ger c | ||
| 015 | |a 98,N10,0124 |2 dnb | ||
| 015 | |a 98,A20,0075 |2 dnb | ||
| 016 | 7 | |a 952845903 |2 DE-101 | |
| 020 | |a 3412100978 |9 3-412-10097-8 | ||
| 035 | |a (DE-627)239203658 | ||
| 035 | |a (DE-576)064080900 | ||
| 035 | |a (DE-599)GBV239203658 | ||
| 035 | |a (OCoLC)231768655 | ||
| 035 | |a (DE-604)8117912328 | ||
| 040 | |a DE-627 |b ger |c DE-627 |e rakwb | ||
| 041 | |a ger | ||
| 044 | |c XA-DE |c XA-AT | ||
| 050 | 0 | |a B1044.F574 | |
| 082 | 0 | |a 193 | |
| 084 | |a 10 |a 06 |a 12 |a 13 |2 sdnb | ||
| 084 | |a 12 |a 13 |2 sdnb | ||
| 084 | |a 3,5 |a 0 |a 1 |2 ssgn | ||
| 084 | |a AP 14200 |2 rvk |0 (DE-625)rvk/6898: | ||
| 084 | |a CC 8280 |2 rvk |0 (DE-625)rvk/17703: | ||
| 084 | |a AP 13200 |2 rvk |0 (DE-625)rvk/6878: | ||
| 084 | |a CI 5683 |2 rvk |0 (DE-625)rvk/18488:11773 | ||
| 084 | |a BF 7990 |2 rvk |0 (DE-625)rvk/11162: | ||
| 084 | |a 05.30 |2 bkl | ||
| 084 | |a 08.25 |2 bkl | ||
| 084 | |a 08.42 |2 bkl | ||
| 090 | |a a | ||
| 100 | 1 | |0 (DE-588)131881302 |0 (DE-627)515960624 |0 (DE-576)298812819 |4 aut |a Neswald, Elizabeth | |
| 109 | |a Neswald, Elizabeth |a Neswald, Elizabeth R. | ||
| 245 | 1 | 0 | |a Medien-Theologie |b das Werk Vilém Flussers |c Elizabeth Neswald |
| 264 | 1 | |a Köln |a Weimar |a Wien |b Böhlau |c 1998 | |
| 300 | |a VI, 194 S. |c 21 cm | ||
| 336 | |a Text |b txt |2 rdacontent | ||
| 337 | |a ohne Hilfsmittel zu benutzen |b n |2 rdamedia | ||
| 338 | |a Band |b nc |2 rdacarrier | ||
| 490 | 1 | |a Literatur - Kultur - Geschlecht |a Kleine Reihe |v 11 | |
| 500 | |a Bibliogr. V. Flusser und Literaturverz. S. [162] - 194 | ||
| 583 | 1 | |a Archivierung/Langzeitarchivierung gewährleistet |f SSG |x XA-DE-BW |2 pdager |5 DE-21 | |
| 653 | 0 | |a a |a Flusser, Vilém |a 1920- | |
| 655 | 7 | |a Bibliografie |0 (DE-588)4006432-3 |0 (DE-627)104814519 |0 (DE-576)208865578 |2 gnd-content | |
| 689 | 0 | 0 | |d p |0 (DE-588)119200716 |0 (DE-627)224480413 |0 (DE-576)164068074 |2 gnd |a Flusser, Vilém |d 1920-1991 |
| 689 | 0 | |5 DE-101 | |
| 830 | 0 | |a Literatur, Kultur, Geschlecht / Kleine Reihe |v 11 |9 11 |w (DE-627)319939030 |w (DE-576)028998243 |w (DE-600)1203762-X |7 am | |
| 856 | 4 | 2 | |u http://www.gbv.de/dms/hbz/toc/ht008389852.pdf |m V:DE-605 |q pdf/application |v 2008-11-15 |x Verlag |y Inhaltsverzeichnis |3 Inhaltsverzeichnis |7 1 |
| 935 | |a mteo | ||
| 935 | |i sf | ||
| 935 | |i Blocktest | ||
| 936 | r | v | |a AP 14200 |b Kommunikation, Medien und Kirche |k Allgemeines |k Medien- und Kommunikationswissenschaften, Medienkulturwissenschaft, Kommunikationsdesign |k Beziehungen, Ausstrahlungen, Einwirkungen |k Kommunikation, Medien und Kirche |0 (DE-627)1270684418 |0 (DE-625)rvk/6898: |0 (DE-576)200684418 |
| 936 | r | v | |a CC 8280 |b Technik und Wissenschaft als Kulturproblem |k Philosophie |k Systematische Philosophie |k Geschichts- und Kulturphilosophie |k Technik und Wissenschaft als Kulturproblem |0 (DE-627)1270639293 |0 (DE-625)rvk/17703: |0 (DE-576)200639293 |
| 936 | r | v | |a AP 13200 |b Biografien, Memoiren, Tagebücher, Briefe |k Allgemeines |k Medien- und Kommunikationswissenschaften, Medienkulturwissenschaft, Kommunikationsdesign |k Biografien, Geschichte, Mediengeschichte |k Biografien, Memoiren, Tagebücher, Briefe |0 (DE-627)127068423X |0 (DE-625)rvk/6878: |0 (DE-576)20068423X |
| 936 | r | v | |a CI 5683 |b Sekundärliteratur |k Philosophie |k Geschichte der Philosophie |k Geschichte der Philosophie des Abendlandes von Antike bis 20. Jahrhundert |k Philosophie des 20. Jahrhunderts |k Frankreich und französischsprachige Länder sowie Rumänien |k Autoren |k Flusser, Vilém |k Sekundärliteratur |0 (DE-627)1273571592 |0 (DE-625)rvk/18488:11773 |0 (DE-576)203571592 |
| 936 | r | v | |a BF 7990 |b Sonstige |k Theologie und Religionswissenschaften |k Philosophie |k Quellen zur Philosophiegeschichte |k Neueste Zeit (ab ca. 1850) |k Sonstige |0 (DE-627)1270663801 |0 (DE-625)rvk/11162: |0 (DE-576)200663801 |
| 936 | b | k | |a 05.30 |j Massenkommunikation |j Massenmedien: Allgemeines |0 (DE-627)106415131 |
| 936 | b | k | |a 08.25 |j Zeitgenössische westliche Philosophie |0 (DE-627)106403672 |
| 936 | b | k | |a 08.42 |j Kulturphilosophie |0 (DE-627)106403036 |
| 951 | |a BO | ||
| ELC | |b 1 | ||
| ITA | |a 1 |t 1 | ||
| LOK | |0 000 xxxxxcx a22 zn 4500 | ||
| LOK | |0 001 3232018823 | ||
| LOK | |0 003 DE-627 | ||
| LOK | |0 004 239203658 | ||
| LOK | |0 005 19990914000000 | ||
| LOK | |0 008 980713||||||||||||||||ger||||||| | ||
| LOK | |0 040 |a DE-21 |c DE-627 |d DE-21 | ||
| LOK | |0 852 |a DE-21 | ||
| LOK | |0 852 1 |c 38 A 7685 |9 00 | ||
| LOK | |0 935 |a theo | ||
| LOK | |0 936ln |a t15 | ||
| LOK | |0 939 |a 13-07-98 |b l01 | ||
| LOK | |0 000 xxxxxcx a22 zn 4500 | ||
| LOK | |0 001 3232018904 | ||
| LOK | |0 003 DE-627 | ||
| LOK | |0 004 239203658 | ||
| LOK | |0 005 20100408174648 | ||
| LOK | |0 008 980512||||||||||||||||ger||||||| | ||
| LOK | |0 040 |a DE-21-35 |c DE-627 |d DE-21-35 | ||
| LOK | |0 541 |e 98/846 | ||
| LOK | |0 852 |a DE-21-35 | ||
| LOK | |0 852 1 |c Mu 1.082 |m p |9 00 | ||
| LOK | |0 938 |k p | ||
| LOK | |0 938 |l K9 |8 0 | ||
| LOK | |0 939 |a 12-05-98 |b l01 | ||
| ORI | |a SA-MARC-ixtheoa001.raw | ||
| REL | |a 1 | ||
| SUB | |a REL | ||
| SYG | 0 | 0 | |a Fluser, Vilem,1920-1991,Fljusser, Vilem,1920-1991,Flüsser, Vilém,1920-1991,Bil lem Peul lu seo,1920-1991,Billem-Peulluseo,1920-1991,Peulluseo, Billem,1920-1991,P'ŭllusŏ, Pillem,1920-1991,Fluser, Ṿilam,1920-1991,Wei lian Fu lu sai er,1920-1991,Weilian-Fulusaier,1920-1991,Fulusaier, Weilian,1920-1991 |



